000 01642nam a2200121Ia 4500
008 220616s9999||||xx |||||||||||||| ||und||
100 _aCesarano, Clemente
245 0 _aNumerical Analysis or Numerical Method in Symmetry
546 _aEnglish[eng]
650 _arisk assessment||complex Lagrangian||effective order||logarithmic singularities||Swift–Hohenberg type of equation||Cauchy singularity||differential equations||unitary extension principle||oscillatory solutions||coupling impedance||Fredholm integral equations||dual integral equations||composition properties||delay differential equations||chemical reaction||Noether symmetries||symplectic Runge–Kutta methods||order conditions||non-homogeneous||wavelets||multiresolution analysis||narrow band domain||pseudo-Chebyshev polynomials||highly oscillatory integrals||tight framelets||Chebyshev polynomials||nonoscillatory solutions||ignition hazard||quad-colored trees||general solution||operator splitting method||fourth-order ODEs||offshore plant||special function||second-order||surfaces||numerical analysis||effective field strength||closest point method||oblique extension principle||heat generation||B-splines||Runge-Kutta type methods||orthogonality properties||Frobenius method||hamiltonian systems||B-series||k-hypergeometric series||particle accelerator||first integrals||partitioned runge-kutta methods||Clenshaw-Curtis quadrature||recurrence relations||thin needle||nanofluid||Hamiltonian system||k-hypergeometric differential equations||steepest descent method||symplecticity||fourth-order
856 _uhttps://mdpi.com/books/pdfview/book/2039
942 _cEB
999 _c19655
_d19655